000
00445nam a2200181Ia 4500
008
100917s9999 xx 000 0 und d
082
_b
8712
100
_a
लोहिया राममनोहर
245
_a
जन मन गण
260
_b
---
300
_a
126
365
_b
8
520
_a
निबंध
630
_a
जन मन गण
650
_a
निबंध
730
_a
जन मन गण
942
_c
BOOK
999
_c
614106
_d
614103